| 000 | 00000nam##2200000za#4500 |
| 001 | 9.531092 |
| 003 | CaOODSP |
| 005 | 20210615083046 |
| 007 | ta |
| 008 | 150406|1998||||xxc||||| f|0| 0 eng|d |
| 020 | |a0-662-63732-1 |
| 040 | |aCaOODSP|beng |
| 041 | |aeng |
| 041 | |afre |
| 043 | |an-cn--- |
| 086 | 1 |aC21-27/1-1998 |
| 110 | 1 |aCanada. |bIndustry Canada. |
| 245 | 10|aGlobal trends : |b1980-2015 and beyond / |cby J. Bradford De Long. |
| 260 | |aOttawa - Ontario : |bIndustry Canada |c1998. |
| 300 | |aEnglish text, 43p. : |bgraphs, references ; |c23 cm. |
| 490 | 1 |aCanada in the XXIst century. I, Scene setting|vNo. 1 |
| 546 | |aBilingual |
| 563 | |aSoftcover |
| 590 | |a99-43|b1999-10-29 |
| 690 | 07|aEconomic conditions|2gcpds |
| 690 | 07|aEconomic policy|2gcpds |
| 720 | 1 |aDe Long, J. Bradford |
| 776 | 0#|tGlobal trends : |w(CaOODSP)9.571947 |
| 776 | 0#|tTendances mondiales : |w(CaOODSP)9.602367 |
| 792 | |tTendances mondiales : |efre|w(CaOODSP)9.531093 |
| 830 | #0|aCanada in the XXIst century. I, Scene setting ;|vNo. 1|w(CaOODSP)9.509058 |